Responses for show #1875 - Friday, October 30, 1992

1992 Celebrity Jeopardy! game 5.

Contestants

[<< previous game]

Rosie O'Donnell, a comedienne from the hit film A League of Their Own

Ed Begley Jr., a 6-time Emmy Award nominee from St. Elsewhere

Robert Guillaume, a winner of 2 Emmys from Benson

Jeopardy! Round responses

AMERICAN HISTORY
SINGERS
BOOKS & AUTHORS
THERE ARE NO SMALL PARTS
FOOD FACTS
DON'T "CALL" US
    $100 2
the Statue of Liberty

Rosie
    $100 1
Barry Manilow

Ed!
    $100 11
George Orwell

Ed!
    $100 7
Hook

Rosie
    $100 10
pancake batter

Rosie
    $100 9
The Call of the Wild

Robert
    $200 12
flappers

Rosie
    $200 3
backwards

Rosie
    $200 13
The Red Badge of Courage

Robert
    $200 8
(Ed!: Who is... uh, Rita Moreno?)
[Rosie laughs.]
...
(Ed!: I missed the year. Sorry, Rita.)
[Rosie laughs.]
(Alex: She'll get you for that.)
(Ed!: Yeah.)

Rita Hayworth

RobertEd!
    $200 19
(Robert: What is, uh, uh, tomato sauce!)
(Ed!: What is bouillon?)
(Rosie: [Without ringing in] I have no idea, Alex.)

brown sauce

RobertEd!
Triple Stumper
    $300 23
(Ed!: What is an encore?)
(Robert: What is a bow?)
(Rosie: What is, uh, the last call, another call, call me later, call me crazy--)
(Alex: No.)
(Ed!: Oh, [*]!)
(Rosie: [*]! I gotta call it in.)
(Alex: All of you forgot that "call" must be in the correct response.)
(Rosie: You've never had one, anyhow.)
[Laughter]
(Alex: After this show, you may not get one either!)
[NOTE: All three players were mistakenly deducted $300 for this clue, so the value of the clue has been changed to $300 in the J! Archive.]

a curtain call

RobertEd!Rosie
Triple Stumper
    $300 15
Florida

Rosie
    $300 4
Randy Travis

Rosie
    $300 14
Mark Twain

Ed!
    $300 16
(Robert: What is The Best Years of My Life?)

Mrs. Miniver

RobertRosie
    $300 20
(Robert: What are lungs?)
(Alex: No.)
[Robert looks at Ed, then looks back at Alex.]
(Robert: [*]!)
[Laughter]
(Alex: Well, now that you've given it to us on your second go-round, we cannot credit you with a--a correct response, but, uh, you get to pick again. ...With a minute to go.)

tongue

Robert
Triple Stumper
    $300 24
(Rosie: That we know.)
[The end-of-round signal sounds.]

a cattle call

Ed!
    $400 5
Judy Garland

Robert
    $400 17
[Alex adds "and they didn't" to his read of the clue text.]

Lana Turner

Robert
    $400 21
rum

Robert
    $500 6
Barbra Streisand

Robert
    $500 18
(Robert: Who is Erich von Stroheim?)
(Alex: No, sorry. Remember when she walks down the stairs, says, "Mr. DeMille, I'm ready for my close-up.")

Cecil B. DeMille

Robert
    $500 22
(Rosie: What is angel food cake?)
(Alex: No.)
(Rosie: Uh! Looks like it.)

sponge cake

Rosie
Triple Stumper

Scores at the first commercial break (after clue 11):

Robert Ed! Rosie
$1,200 $0 $800

Scores at the end of the Jeopardy! Round:

Robert Ed! Rosie
$600 $100 $800

Double Jeopardy! Round responses

WORLD CAPITALS
CANADIAN ACTORS
OPERA
NOTORIOUS
THE ENVIRONMENT
WE'LL CALL "U"
    $200 7
(Ed!: Uh, what is--Oh! In the 3rd century!--What is Rome?!)

Paris

RobertEd!
    $200 4
(Ed: [Making the next selection] THE ENVIRONMENT for 8, please.)
(Rosie: Damn you!)

Donald Sutherland

Ed!
    $200 12
(Alex: Correct, and we have a minute to go.)

Frankenstein

Robert
    $200 1
[Rosie chuckles at Ed's first selection.]

Brazil

Ed!
    $400 8
Warsaw

Robert
    $400 17
Dan Aykroyd

Ed!
    $400 13
Verdi

Robert
    $400 2
the United States

Ed!
    $600 9
Vienna

Robert
    $600 18
John Candy

Rosie
    $600 14
(Robert: What is Barber of Seville?)
(Alex: No. Ed! or Rosie?)
(Rosie: Nope.)
(Alex: You're supposed to say "I do not know.")
(Rosie: I do not know, Alex. But we're in a--we're in a time pinch.)
(Alex: Yes.)

William Tell

Robert
Triple Stumper
    $600 3
(Ed!: Uh, jeru--sulfur--what is sulfur dioxide?)
...
(Rosie: We're going away from THE ENVIRONMENT, Ed.)
[Laughter]

Grand Canyon (National Park)

Ed!Rosie
    $800 10
(Ed!: Uh, what is--oh, what is--ahhh--Freeport!)

Nassau

Ed!
Triple Stumper
    $1,000 15
La bohème

Robert
    $800 19
[The end-of-round signal sounds.]

Frank

Robert
    $800 5
(Ed: Uh, what is the Po River?)
(Robert: What is the Volga River?)
(Rosie: [Without ringing in] I have no idea, Alex.)

the Danube

RobertEd!
Triple Stumper
    $1000 11
(Ed!: Uh, what is Sydney?)
(Robert: What is Melbourne?)
(Rosie: [Without ringing in] I do not know, Alex.)

Canberra

RobertEd!
Triple Stumper
    $1000 16
The Flying Dutchman (Der fliegende Holländer)

Triple Stumper
    $1,000 6
radon

Ed!

Scores at the end of the Double Jeopardy! Round:

Robert Ed! Rosie
$1,800 -$1,100 $2,000

[wagering suggestions for these scores]

Final Jeopardy! Round responses

THE SUPREME COURT
(Alex: [To Rosie] And who is that little person in the corner?)
(Rosie: It's a little thing that my friend Ann Hogan told me to do, 'cause she watches your show every day.)
(Alex: All right. Hello Ann.)
Ed!What is Roe vs. Wade
$1,100
RobertWhat is Roe v. Wade
$1,500
RosieWhat [cycloptic smiley face drawing] is Roe vs Wade.
$1,801
Roe v. Wade

Final scores:

Robert Ed! Rosie
$3,300 $2,200 $3,801
2nd place: $10,000 for amfAR 3rd place: $10,000 for the Earth Communications Office Winner: $10,000 for Children of the Night

Game dynamics:

Coryat scores:

Robert Ed! Rosie
$2,100 -$1,100 $2,000
14 R
(including 1 DD),
8 W
(including 1 DD)
9 R
(including 1 DD),
8 W
10 R,
2 W

Combined Coryat: $3,000

The J! Archive is created by fans, for fans. The Jeopardy! game show and all elements thereof, including but not limited to copyright and trademark thereto, are the property of Jeopardy Productions, Inc. and are protected under law. This website is not affiliated with, sponsored by, or operated by Jeopardy Productions, Inc. Join the discussion at JBoard.tv.